Palonegro Int. Airport Destinations (Bucaramanga, Colombia) - Map - Statistics

General Stats
  • This quiz has been taken 20 times
  • The average score is 7 of 11
Answers on the Map
Answers color-coded by a green-red scale on the quiz's map according to % correct below.
 
Answer Stats
Destination % Correct
Bogotá
100%
Medellín (JMC)
100%
Medellín (Olaya Herrera)
100%
Panama City (Tocumen)
100%
Barranquilla
79%
Cartagena
79%
Cúcuta
71%
Santa Marta
57%
Arauca
14%
San Gil
0%
Saravena
0%
No matching quizzes found
Score Distribution
Percent of People with Each Score
Percentile by Number Answered
Your Score History
You have not taken this quiz